Statistics for Analogies #10

Click here to take the quiz!

General Stats

  • This quiz has been taken 20,860 times
    (12,551 since last reset)
  • The average score is 12 of 20

Answer Stats

This is to this ...As ...% Correct
Fructose is to Fruit{Lactose} is to Milk
90%
Ciao is to Italian{Aloha} is to Hawaiian
88%
♂ is to Testosterone♀ is to {Estrogen}
82%
Pebble is to StoneRock is to {Boulder}
78%
Pride is to PrejudiceSense is to {Sensibility}
73%
PBS is to US{BBC} is to UK
72%
H1N1 is to SwineH5N1 is to {Bird}
66%
Scarlett O'Hara is to
Margaret Mitchell
Hermione Granger is to
{J}.{K}. {Rowling}
65%
Prosecco is to Italy{Champagne} is to France
64%
6 is to Million12 is to {Trillion}
63%
June is to SolsticeMarch is to {Equinox}
62%
Army is to NavyGeneral is to {Admiral}
59%
Red Cross is to ChristianityRed {Crescent} is to Islam
59%
Water is to IceCarbon Dioxide is to {Dry} {Ice}
58%
MTWTFSS is to DayMVEMJSUN is to {Planet}
52%
> is to Diminuendo< is to {Crescendo}
43%
Gandalf is to MagnetoHan Solo is to {Indiana} {Jones}
41%
Dick is to DetectiveSpook is to {Spy}
40%
M. Night Shyamalan is to
Plot Twist
Michael Bay is to {Explosion}
39%
Ranch is to United States{Station} is to Australia
20%

Score Distribution

Percentile by Number Answered

Percent of People with Each Score

Your Score History

You have not taken this quiz since the last reset